| 000 | 00713nam a2200205Ia 4500 | ||
|---|---|---|---|
| 003 | GCL | ||
| 008 | 140319s9999 xx 000 0 ara d | ||
| 040 |
_aGCL / _cGCL |
||
| 082 | 0 | 4 |
_a632 _bس ا |
| 100 | 1 | _aسمير الدسوقى | |
| 245 | 1 | 0 |
_aالابعاد الجغرافية لزراعة المانجو فى محافظة الشرقية / _cسمير الدسوقى |
| 260 |
_a[S.N] : _bمعهد البحوث والدراسات العربية ، _c1987 |
||
| 300 | _a60 ص | ||
| 490 |
_aالدراسات الخاصة _v0 |
||
| 650 | 0 | 4 | _aالجغرافيا |
| 650 | 0 | 4 | _aالجغرافيا الزراعية |
| 650 | 0 | 4 | _aالمحاصيل الزراعية |
| 650 | 0 | 4 | _aالمانجو |
| 942 |
_2ddc _cBK |
||
| 999 |
_c30720 _d30720 |
||